El cristianismo y la lucha de clases: dignidad del cristianismo e indignidad de los cristianos
Gespeichert in:
| 1. Verfasser: | |
|---|---|
| Format: | Buch |
| Sprache: | Spanisch |
| Veröffentlicht: |
Buenos Aires
Espasa Calpe
1952
|
| Ausgabe: | 5a. ed |
| Schriftenreihe: | Colección Austral, 61
|
| Schlagworte: | |
| Tags: |
Tag hinzufügen
Keine Tags, Fügen Sie den ersten Tag hinzu!
|
MARC
| LEADER | 00000cam a2200000 a 4500 | ||
|---|---|---|---|
| 001 | UCE6398 | ||
| 003 | CL-VaPUC | ||
| 005 | 20230111120930.0 | ||
| 008 | 150409e19520219ag |||||||||||||||||spa|d | ||
| 999 | |c 358730 |d 358728 | ||
| 040 | |c Pontificia Universidad Católica de Valparaíso | ||
| 082 | 0 | 4 | |a 261.83 |b BER |2 21 |
| 100 | |a Berdiaeff, Nicolás |e author |9 579056 | ||
| 245 | 1 | 3 | |a El cristianismo y la lucha de clases: dignidad del cristianismo e indignidad de los cristianos |
| 250 | |a 5a. ed | ||
| 260 | |a Buenos Aires |b Espasa Calpe |c 1952 | ||
| 300 | |a 150 p | ||
| 490 | 0 | |a Colección Austral, 61 | |
| 583 | |a last modification |c 20150409 10:07:00 |k Rodrigo Vera | ||
| 650 | 0 | |a Cristianismo |9 257361 |y | |
| 650 | 0 | |a Comunismo |9 255588 | |
| 650 | 0 | |a Clases sociales |9 256858 | |
| 650 | 7 | |a CONFLICTO DE CLASES |2 CL-VaPUC |9 337068 | |
| 650 | 0 | |a Doctrina social de la iglesia |9 257333 | |
| 650 | 0 | |a Problemas sociales |9 258537 | |
| 650 | 0 | |a Libre albedrío |9 334583 | |
| 650 | 0 | |a Sociedad |9 307903 | |
| 650 | 0 | |a Catolicismo |9 258690 | |
| 942 | |c BK |2 ddc | ||
| 945 | |d 20150409 10:07:00 |a arojas | ||
| 952 | |0 0 |1 0 |3 erb |4 0 |6 261_830000000000000_BER_1952 |7 0 |8 A |9 467612 |a BIBEDU |b BIBEDU |i 5158486 |o 261.83 BER 1952 |p 5158486 |r 2019-11-23 |w 2019-11-23 |y BK |z Catalogado en:20150409 |k FIL | ||